| 000 | 00498nam a2200157 a 4500 | ||
|---|---|---|---|
| 001 | 000048996 | ||
| 005 | 20201002061556.0 | ||
| 008 | 190712s2018 dr r 000 0 spa d | ||
| 020 | _a9789945905274 | ||
| 040 |
_aDO-SdBNP _bspa _cBNPHU |
||
| 082 |
_a342.729302 _bR426c, 2018 |
||
| 245 | 0 | 0 |
_aConstitución de la República Dominicana : _bproclamada el 13 de junio de 2015. |
| 260 |
_aSanto Domingo : _bTribunal Constitucional, _c2018. |
||
| 300 |
_a301 p. ; _c12 cm. |
||
| 590 | _aInventariado, 2019/BT | ||
| 999 |
_c48484 _d48484 |
||